书目信息 |
| 题名: |
循环经济下的回收物流
|
|
| 作者: | 龚英 , 靳俊喜 著 | |
| 分册: | ||
| 出版信息: | 北京 中国物资出版社 2007 |
|
| 页数: | 351页 | |
| 开本: | 21cm | |
| 丛书名: | ||
| 单 册: | ||
| 中图分类: | F713.2 , F252.8 | |
| 科图分类: | ||
| 主题词: | 废品回收--物流--研究 , 废物回收 , 物流 | |
| 电子资源: | ||
| ISBN: | 978-7-5047-2586-8 | |
| 000 | 01001nam0 2200289 450 | |
| 001 | 003433546 | |
| 005 | 20070807150343.98 | |
| 010 | @a978-7-5047-2586-8@dCNY28.00 | |
| 035 | @a003433546 | |
| 100 | @a20070327d2007 em y0chiy0110 ea | |
| 101 | 0 | @achi |
| 102 | @aCN@b110000 | |
| 105 | @ay z 000yy | |
| 106 | @ar | |
| 200 | 1 | @a循环经济下的回收物流@Axun huan jing ji xia de hui shou wu liu@f龚英,靳俊喜著@Fgong ying, jin jun xi zhu |
| 210 | @a北京@c中国物资出版社@d2007 | |
| 215 | @a351页@d21cm | |
| 330 | @a本书分析了逆向物流网络结构及常见类型,建立了网络收益模型和多级循环物流体系,分析了家电废弃物、废旧电池、废旧汽车等常见的废旧物资回收物流,并通过国内外对比,对我国回收物流的合理化提出了相应的措施。 | |
| 606 | 0 | @a废品回收@x物流@x研究 |
| 606 | 0 | @a废物回收 |
| 606 | 0 | @a物流 |
| 690 | @aF713.2@v4 | |
| 690 | @aF252.8@v4 | |
| 701 | 0 | @a龚英@Agong ying@c(女,@f1968~)@4著 |
| 701 | 0 | @a靳俊喜@Ajin jun xi@f(1963~)@4著 |
| 801 | 0 | @aCN@bNLC@c20070807 |
| 905 | @dF713.2@e389@f2 | |
| 循环经济下的回收物流/龚英,靳俊喜著.-北京:中国物资出版社,2007 |
| 351页;21cm |
| ISBN 978-7-5047-2586-8:CNY28.00 |
| 本书分析了逆向物流网络结构及常见类型,建立了网络收益模型和多级循环物流体系,分析了家电废弃物、废旧电池、废旧汽车等常见的废旧物资回收物流,并通过国内外对比,对我国回收物流的合理化提出了相应的措施。 |
| ● |
| 相关链接 |
|
|
|
|
正题名:循环经济下的回收物流
索取号:F713.2/389
 
预约/预借
| 序号 | 登录号 | 条形码 | 馆藏地/架位号 | 状态 | 备注 |
| 1 | 0853155 | 208531551 | 第一样本阅览室/ [索取号:F713.2/389] | 在馆 | |
| 2 | 0853156 | 208531560 | 第一借阅区/ [索取号:F713.2/389] | 在馆 |